000 00532nam a2200193 a 4500
001 1764578759473
003 ACL
005 20251201141844.0
008 251201s1995##################000#0#eng##
020 _a9789054101642
082 0 4 _a624.15136
_bSOB
100 1 _aSobolevsky, D. Yu,
_eauthor.
245 1 0 _aStrength of Dilating Soil and Load-holding Capacity of Deep Foundations :
260 _bCRC Press,
_c1995.
300 _a254 pages
650 0 _aTechnology & Engineering.
942 _cENGLISH
040 _aACL
_beng
_cACL
999 _c599613
_d599613